000 00227nam a2200097Ia 4500
005 20251222175818.0
008 251222s9999||||xx |||||||||||||| ||spa||
082 _aDVD0070/L95E/1980
245 0 _aEl hombre elefante:
942 _cDVD
999 _c40380
_d40380